Vowel-less US States Quiz Stats

 Plays Quiz Updated Oct 3, 2018

Challenge
Share
Tweet
Embed
Score 0/30 Timer 02:00
7 Plays Today
Hint Answer % Correct
TXSTEXAS
99.8%
HWHAWAII
80.9%
FLRDFLORIDA
77%
DLWRDELAWARE
75.9%
KNSSKANSAS
75.3%
CLRDCOLORADO
71.4%
NVDNEVADA
70.7%
HOHIO
70.4%
MNTNMONTANA
70.1%
VRMNTVERMONT
69.6%
TNNSSTENNESSEE
68.3%
MSSRMISSOURI
67.7%
MNNSTMINNESOTA
67.1%
NW YRKNEW YORK
66%
GRGGEORGIA
65.6%
Hint Answer % Correct
CLFRNCALIFORNIA
63.5%
RKNSSARKANSAS
63.3%
WSCNSNWISCONSIN
63.2%
MSSSSPPMISSISSIPPI
62%
WIOWA
59.8%
LSKALASKA
59%
LLNSILLINOIS
58.7%
MNMAINE
56.1%
MSSCHSTTSMASSACHUSETTS
56.1%
DHIDAHO
55.6%
LBMALABAMA
54.5%
KLHMOKLAHOMA
53.8%
LSNLOUISIANA
48.7%
NDNINDIANA
36.8%
THUTAH
31.4%

You're not logged in!

Compare scores with friends on all Sporcle quizzes.
OR
Log In

You Might Also Like...

Show Comments

Extras

Top Quizzes Today


Score Distribution

Your Account Isn't Verified!

In order to create a playlist on Sporcle, you need to verify the email address you used during registration. Go to your Sporcle Settings to finish the process.

Report this User

Report this user for behavior that violates our Community Guidelines.

Details: